| 000 | 00522nam a2200181 4500 | ||
|---|---|---|---|
| 001 | 118611 | ||
| 003 | ES-MaACL | ||
| 005 | 20251120063139.0 | ||
| 007 | t| | ||
| 008 | 070214s1966 sp r ||||1| spa d | ||
| 100 | 1 |
_aPérez Baró, Albert, _d1902-1989 _990657 |
|
| 245 | 1 | 0 |
_aCooperación i cooperativisme / _cAlberto Pérez Baró. |
| 250 | _a[1ª ed.]. | ||
| 260 |
_aBarcelona [etc.] : _bBruguera, _c1966. |
||
| 300 |
_a108 p. ; _c18 cm. |
||
| 852 |
_aES-MaACL _jC-30052 _bR.60467 |
||
| 999 |
_c118611 _d118611 |
||